The great Unravelling: (Record no. 185852)

MARC details
000 -LEADER
fixed length control field 00620nam a22001817a 4500
005 - DATE AND TIME OF LATEST TRANSACTION
control field 20220210142356.0
010 ## - LCCN (DPL NO)
LC control number ENG-131503
020 ## - INTERNATIONAL STANDARD BOOK NUMBER
International Standard Book Number 9789389648904
Terms of availability 599.00
035 ## - SYSTEM CONTROL NUMBER
System control number EN-115035
037 ## - SOURCE OF ACQUISITION
Source of stock number/acquisition DBAD
082 ## - DEWEY DECIMAL CLASSIFICATION NUMBER
Classification number 320.850954
100 ## - MAIN ENTRY--PERSONAL NAME
Personal name Jha, Sanjay
245 ## - TITLE STATEMENT
Title The great Unravelling:
Remainder of title India after 2014/
Statement of responsibility, etc Sanjay Jha
260 ## - PUBLICATION, DISTRIBUTION, ETC. (IMPRINT)
Place of publication, distribution, etc Chennai
Name of publisher, distributor, etc Westland Publication Private Limited
Date of publication, distribution, etc 2020
270 ## - ADDRESS
Address 1st Floor, A Block, East Wing, Plot No. 40 SP infocity, Dr. MGR Salai, Pergudi, Kandanchavadi
City Chennai
Postal code 600096
300 ## - PHYSICAL DESCRIPTION
Extent 277p.
Other physical details Notes
Dimensions 22cm(hbk)
942 ## - ADDED ENTRY ELEMENTS (KOHA)
Source of classification or shelving scheme Dewey Decimal Classification
Item type English Books
Classification part 320.850954
Call number suffix JHA
Holdings
Withdrawn status Lost status Not for loan Collection code Home library Current library Date acquired Source of acquisition Cost, normal purchase price Full call number Barcode Copy number Cost, replacement price Koha item type
      Non-fiction Bawana Bawana 10/02/2022 DBAD/PUB 599.00 320.850954 JHA EN-115035 1 599.00 English Books

© Delhi Public Library
Hit Counter
free hit counter